Responses for Show #3321 - Monday, February 1, 1999

Contestants

[<< previous game]

Jenn Reilly, a teaching assistant from Lowell, Massachusetts

David Tate, an operations research analyst from Vienna, Virginia

Paul Reisser, a physician from Thousand Oaks, California (whose 1-day cash winnings total $1,799)

[next game >>]

Jeopardy! Round responses

BLACK HISTORY
(Alex: In honor of Black History Month.)
MAKING A LIST
SCARY AUTHORS
(Alex: I will give you titles of some of the works, you have to identify the scary author)
TELEVISION
SAINT PAUL
THE QUEEN'S ENGLISH
    $100 8
Segregation

David
    $100 21
David Letterman

Paul
    $100 3
Stephen King

David
    $100 18
Cosmo Kramer

Jenn
    $100 1
Gentiles

Paul
    $100 13
Advertisement

David
    $200 9
(Jenn: What are cities/urban areas?)

Suburbs

PaulJenn
    $200 22
Hall And Oates

Jenn
    $200 4
Bram Stoker

Jenn
    $200 19
Gilligan

Jenn
    $200 2
Damascus

David
    $200 14
Garbage

David
    $300 25
Liberia

David
    $300 28
Schindler's List

Jenn
    $300 5
Anne Rice

Jenn
    $300 20
Ricky Nelson

Paul
    $300 10
(Jenn: What are missives?)

Epistles

PaulJenn
    $300 15
Carnival Cruise Lines

Triple Stumper
    $400 26
(Alex: Less than a minute to go.)

Harriet Tubman

Paul
    $400 29
James Joyce

Paul
    $400 6
Clive Barker

Triple Stumper
    $800 23
(Jenn: What is "Coach?")
...
(Alex: You were thinking of Jerry Van Dyke, his brother, who's on that series)

Diagnosis Murder

Jenn
    $400 11
Arabian Peninsula

Triple Stumper
    $400 16
Radio

Paul
    $500 27
The Scottsboro Boys

Triple Stumper
    $500 30
Citizen Kane

David
    $500 7
H.P. Lovecraft

David
    $500 24
Law & Order

Triple Stumper
    $500 12
Saint Stephen

David
    $500 17
Bouncer

Jenn

Scores at the first commercial break (after clue 15):

Paul David Jenn
$600 $1,700 $0

Scores at the end of the Jeopardy! Round:

Paul David Jenn
$2,200 $2,500 $500

Double Jeopardy! Round responses

42nd STREET
SHOW BOAT
1776
CATS
BIG RIVER
"GUY"s & "DOLL"s
    $200 14
United Nations

David
    $200 2
Aircraft carrier

David
    $200 11
Bolshoi

Paul
    $200 23
Morris

Paul
    $200 17
Thames

David
    $200 1
Dolley Madison

David
    $400 20
Times Square

David
    $400 3
Tanker

Paul
    $400 12
Phi Beta Kappa

Paul
    $400 24
(Jenn: Who is Garfield?)

Heathcliff

DavidJenn
    $400 18
Susquehanna

Jenn
    $400 4
Dollop

David
    $600 28
Whitney

Triple Stumper
    $600 8
Tugboat

David
    $1,500 13
Adam Smith

Paul
    $600 25
Felix the Cat

Paul
    $1,000 19
(Jenn: What is Poland?)

Italy

Jenn
    $600 5
Guyana

Jenn
    $800 29
Grand Central Station

David
    $800 9
Icebreaker

David
    $800 15
Sturm und Drang

Triple Stumper
    $800 26
Fritz the Cat

Triple Stumper
    $800 21
(Paul: What is Constantinople?)

Sevastopol

Paul
Triple Stumper
    $800 6
Sand dollar

Jenn
    $1000 30
Ziegfeld Follies

David
    $1000 10
Hovercraft

David
    $1000 16
(David: What is Connecticut?)

North Carolina

David
Triple Stumper
    $1000 27
mehitabel

Paul
    $1000 22
(Jenn: What is the Yangtze?)

Yalu

Jenn
Triple Stumper
    $1000 7
Guy Fawkes Day

Paul

Scores at the end of the Double Jeopardy! Round:

Paul David Jenn
$6,700 $7,700 -$100

[wagering suggestions for these scores]

Final Jeopardy! Round responses

SPORTS
PaulWhat is Basketball?
$0
Davidwhat is basketball?
$6,000
Basketball

Final scores:

Paul David Jenn
$6,700 $13,700 -$100
2nd place: Trip to St. James's Club, Antigua New champion: $13,700 3rd place: Pair of Burett Swiss Sports Watches

Game dynamics:

Coryat scores:

Paul David Jenn
$5,800 $7,700 $1,700
16 R
(including 1 DD),
1 W
21 R,
1 W
10 R,
6 W
(including 2 DDs)

Combined Coryat: $15,200

[game clues] [game scores] [suggest correction]

Game tape date: Unknown
The J! Archive is created by fans, for fans. Scraping, republication, monetization, and malicious use prohibited; this site may use cookies and collect identifying information. See terms. The Jeopardy! game show and all elements thereof, including but not limited to copyright and trademark thereto, are the property of Jeopardy Productions, Inc. and are protected under law. This website is not affiliated with, sponsored by, or operated by Jeopardy Productions, Inc. Join the discussion at JBoard.tv.